000 00383nam a2200145Ia 4500
008 240624s9999 xx 000 0 und d
041 _aeng
082 _a658.15 BAN
100 _aBANERJEE BHABATOSH
245 _aFINANCIAL POLICY AND MANAGEMENT ACCOUNTI
250 _a(7th ed.)
260 _c2005
_aNew Delhi
_bPrentice-Hall of India
300 _axv, : 830 : cm. ; 24
365 _cRS
999 _c2151
_d2151